000 00486nam a2200181Ia 4500
008 240925s9999 xx 000 0 und d
020 _a8120326385
082 _a621.3192 GHO
100 _aGhosh , Smarajit
245 0 _aNetwork Theory: analysis and synthesis
250 _aNA
260 _aNew Delhi:
_bPearson Printice Hall
_c,2005.
300 _axiii,521p.
_bN.A
_fPirated
500 _aIncludes Index
600 _aElectronic Engineering
650 _aTechnology
942 _cBK
999 _c10523
_d10523